00411nam a22001337a 450000500170000002000180001708200230003524500950005826000310015330000090018450400350019365000290022870000200025720251128151417.0 a9789388854894 223a363.70526bABI aEnvironmental Security and Sustainable Development /cEdited by Murtaza Abid ... [et al.] aNew Delhi :bDPH ,c2022 . a226p aInclude Bibliography and Index aSustainable Development  aAbid , Murtaza